| 000 | 00786cam a2200205 4500 | ||
|---|---|---|---|
| 001 | WB3615-19 | ||
| 008 | 000000n2000 000 0 eng u | ||
| 035 | _a(Sirsi) u105316 | ||
| 245 | _aJLL links up with US dot.coms | ||
| 260 | _c2000 | ||
| 490 |
_aEstates Gazette _v0014(8) April 2000, 39(1) |
||
| 520 | _aJones Lang LaSalle has implemented the first phase of a global strategy to utilise the internet by forming alliances with, and taking stakes in three US web companies, eLink Communications, Urban Media, and Winstar Communications. See WB3607-25 for further information. | ||
| 590 | _aWB | ||
| 650 | _aJONES LANG LASALLE | ||
| 650 | _aINTERNET COMPANIES | ||
| 650 | _aGLOBALISATION | ||
| 650 | _aE-COMMERCE | ||
| 690 | _aINFORMATION TECHNOLOGY-INTERNET | ||
| 942 | _n0 | ||
| 999 |
_c63141 _d63141 |
||